000 00260nam a22001217a 4500
008 181218b xxu||||| |||| 00| 0 eng d
041 _aeng
080 _a159.9
100 _a49
101 _apsi
245 _aHuman Development
_cHaimowitz.h
942 _2udc
_cBK
999 _c53433
_d53433